|
|
|
|
| LEADER |
00000nam0a2200000 4500 |
| 001 |
333489 |
| 005 |
20240403123341.0 |
| 035 |
|
|
|a (RuTPU)RU\TPU\book\359484
|
| 090 |
|
|
|a 333489
|
| 100 |
|
|
|a 20170616d1914 m y0rusy50 ca
|
| 101 |
0 |
|
|a rus
|
| 102 |
|
|
|a RU
|
| 105 |
|
|
|a y z 001zy
|
| 181 |
|
0 |
|b e
|
| 182 |
|
0 |
|a n
|
| 183 |
|
0 |
|a nc
|2 RDAcarrier
|
| 200 |
1 |
|
|a № 8. Иркутская летопись 1857-1880 гг.
|e продолжение "Летописи" П. И. Пежемского и В. А. Кротова
|f сост. Н. С. Романов ; под ред. И. И. Серебренникова
|
| 210 |
|
|
|a Иркутск
|c Паровая типография И. П. Казанцева
|d 1914
|
| 215 |
|
|
|a 410, XV с.
|
| 225 |
1 |
|
|a Труды Восточно-Сибирского Отдела Императорского Русского Географического Общества
|
| 283 |
|
|
|a volume
|
| 300 |
|
|
|a Печатано по распоряжению Распорядительного Комитета Восточно-Сибирского Отдела Императорского Русского Географического Общества. Правитель дел Отдела О. Ширяев.
|
| 300 |
|
|
|a Раздельная пагинация страниц
|
| 320 |
|
|
|a Указатель личных имен: с. I-XII
|
| 320 |
|
|
|a Предметный указатель: с. XIII-XV
|
| 606 |
|
|
|a Летописи русские
|2 stltpush
|3 (RuTPU)RU\TPU\subj\64773
|9 81522
|
| 610 |
1 |
|
|a летописи
|
| 610 |
1 |
|
|a Иркутск
|
| 610 |
1 |
|
|a события
|
| 610 |
1 |
|
|a даты
|
| 610 |
1 |
|
|a цены
|
| 610 |
1 |
|
|a техническое училище
|
| 610 |
1 |
|
|a доходы
|
| 610 |
1 |
|
|a предметы расходов
|
| 686 |
|
|
|a Т3(2)ю
|2 rubbk
|
| 702 |
|
1 |
|a Романов
|b Н. С.
|c иркутский историк
|c библиофил
|f 1871-1942
|g Нит Степанович
|3 (RuTPU)RU\TPU\pers\19328
|4 220
|9 7384
|
| 702 |
|
1 |
|a Серебренников
|b И. И.
|4 340
|
| 801 |
|
1 |
|a RU
|b 63413507
|c 20170616
|
| 942 |
|
|
|c BK
|